Records équipe de France de football - Statistiques

Statistiques générales
  • Ce quiz a été pris 108 fois
  • Le résultat moyen est 8 sur 15
Statistiques - réponses
Question Réponse % Correct
Qui est actuellement le capitaine de l'équipe de France ? Kylian Mbappé
98%
Qui est le meilleur buteur de l'équipe de France ? Olivier Giroud
93%
Quel joueur compte le plus de sélections en équipe de France ? Hugo Lloris
87%
Quel est le record de but marqués par l'équipe de France en un seul match ? 14
80%
Quel est le meilleur passeur de l'équipe de France ? Antoine Griezmann
75%
Qui est le meilleur buteur de l'histoire de l'équipe de France en Coupe du Monde ? Just Fontaine
67%
Qui est le meilleur buteur de l'histoire de l'équipe de France à L'EURO ? Michel Platini
66%
Combien de places comptent le Stade de France ? 80 000
60%
Depuis quand Deschamps est le sélectionneur de l'équipe de France ? 2012
47%
En combien de temps l'équipe de France a marquée le but le plus rapidement après le coup d'envoi ? 13 s
37%
Quel est le record du nombre de victoires consécutives de l'équipe de France ? 14
36%
Quel est le record d'invincibilités (matchs sans encaisser) de l'équipe de France 11
29%
Quelle est la plus large défaite de l'équipe de France 17-1
17%
Qui est le joueur le plus jeune sélectionné en équipe de France ? Félix Vial
14%
Quel est le record du nombre de défaites consécutives de l'équipe de France ? 12
5%
Aucun quiz correspondant
Distribution des résultats
% des personnes avec chaque résultat
Percentile par nombre de réponses
Votre historique - résultats
Vous n’avez pas pris ce quiz